01144 2200337 4500001002100000005001500021035002000036007000300056008004100059020002200100040002200122082001600144084001800160245013200178850001200310264003000322336002100352337002300373338003800396300003100434856007600465852002000541500006900561500001100630650002800641100003300669700002700702504003300729990002200762990002200784INLIS00000000086693820211116020405 a0010-1121001019ta211109s2015 yoia gs 1 | ind d a978-979-21-4580-9 aYOPDYOGbinderda04223a121.686 a121.686 BUD s10aSeni memahami :bhermeneutik dari Schleiermacher sampai Derrida [sumber elektronik] /cF. Budi Hardiman; penyunting, Widiantoro aYOPDYOG31aSleman :bKanisius,c2015 2rdacontentateks 2rdamediaakomputer 2rdacarrierasumber sambung jaring a1 berkas komputer (2,2 MB)40nPerpustakaan Digital iJogjauhttp://ijogja.id /publications/books/168868 aaplikasi iJogja aUntuk mengakses buku ini silakan unduh aplikasi http://ijogja.id aindeks 4aInterpretasi (Filsafat)1 aBudi Hardiman, F.ePengarang0 aWidiantoroePenyunting aBibliografi: halaman 333-338 a001923-EPD/B.2017 a001924-EPD/B.2017